=LDR 00000nam 2200000 4500 =001 INLIS000000000006887 =005 20130612094955 =008 ***********************************Ind** =035 ##$$0010-061300000006887 =041 ##$$a Ind =082 ##$$a 510 =090 ##$$a 510, Hid m =100 ##$$a Hidayat, Wahyu =245 ##$$a Matematika ekonomi III, Drs. Wahyu Hidayat, M.EC =260 ##$$a 1985 $b Jakarta =300 ##$$a 35 hlm., 21 cm =650 ##$$a Matematia =850 ##$$a NBPNMAT